Open Data Biblioteca Nacional de Portugal


República Portuguesa: Ministério da Cultura
Biblioteca Nacional de Portugal

Catálogo da BNP: acesso por Identificadores Unívocos
Registos Bibliográficos associados ao registo de autoridade

Etiqueta de registo: 00254nam 2200025 450
001 2247811
003 http://id.bnportugal.gov.pt/bib/catbnp/2247811
010 ## $a978-972-25-4987-5
021 ## $aPT$b552154/25
100 ## $a20260113d2025 m y0pory01030103ba
101 1# $apor$ceng
102 ## $aPT
105 ## $ay z 000yy
106 ## $ar
200 1# $aClique para saber mais$e os segredos do sucesso do director de marketing digital da META$fAlex Schultz$gtrad. Rute Mota
205 ## $a1ª ed
210 #9 $aLisboa$cBertrand,$d2025
215 ## $a357, [3] p.$d24 cm
304 ## $aTít. orig.: Clik here - the art and science of digital marketing and advertising
606 ## $aMarketing digital$j[Manuais]$2SIPOR$31987114
675 ## $a658.8(035)$vBN$zpor$3837101
675 ## $a004.73(035)$vBN$zpor$31215067
700 #1 $aSchultz,$bAlex$31978368
702 #1 $aMota,$bRute,$f1980-$4730$31365068
801 #0 $aPT$bBN$gRPC
856 41 $uhttp://rnod.bnportugal.gov.pt/ImagesBN/winlibimg.aspx?skey=&doc=2247811&img=219500&save=true
900 ## $aBIBNAC$d20260310
966 ## $lBN$mFGMON$sS.A. 193186 V.$x1
966 ## $lBN$mFGMON$sS.A. 193186 V.-D$x1
971 ## $cisantos$d20260115
972 ## $e0$z0$d20260310$vlrevez
973 ## $cmlsousa$d20260223
974 ## $e0$d20260223$vaalmeid

OpendataBNP@bnportugal.pt | Mais informação sobre acesso aos dados BNP